000
00291nam a2200121Ia 4500
005
20251222175926.0
008
251222s9999||||xx |||||||||||||| ||spa||
082
_a
354.111.1/M61
245
0
_a
Estrategia Nacional de Inclusión Social
250
_a
1ra. ed.
264
_b
MIDIS
942
_c
LIB
999
_c
40834
_d
40834